La moral y la teoria psicología del desarrollo femenino / (Registro nro. 49298)

Detalles MARC
000 -LEADER
fixed length control field 00957nam a2200265 4500
001 - CONTROL NUMBER
control field 0000013086
003 - CONTROL NUMBER IDENTIFIER
control field CO-CtgCURN
005 - DATE AND TIME OF LATEST TRANSACTION
control field 20250730202118.0
008 - FIXED-LENGTH DATA ELEMENTS--GENERAL INFORMATION
fixed length control field 160627s1994 000 0 eng d
020 ## - INTERNATIONAL STANDARD BOOK NUMBER
International Standard Book Number 9681621670
040 ## - CATALOGING SOURCE
Original cataloging agency CO-CtgCURN
Language of cataloging spa
Transcribing agency coctgcurn
082 0# - DEWEY DECIMAL CLASSIFICATION NUMBER
Classification number 396
Item number G45m
100 1# - MAIN ENTRY--PERSONAL NAME
Personal name Gil Ligan, Carol.
245 13 - TITLE STATEMENT
Title La moral y la teoria psicología del desarrollo femenino /
Statement of responsibility, etc. Carol Gil Ligan.
260 ## - PUBLICATION, DISTRIBUTION, ETC.
Place of publication, distribution, etc. Mexico :
Name of publisher, distributor, etc. Fondo de cultura economica,
Date of publication, distribution, etc. 1994.
300 ## - PHYSICAL DESCRIPTION
Extent 288 p.
336 ## - CONTENT TYPE
Source rdacontent
337 ## - MEDIA TYPE
Source rdamedia
Media type term sin mediacion
Media type code n
338 ## - CARRIER TYPE
Source rdacarrier
Carrier type term volumen
Carrier type code nc
505 8# - FORMATTED CONTENTS NOTE
Formatted contents note Mujer en el ciclo vital del hombre.--Imagenes de una relacion.--Concepto del yo y la moral.--Crisis.--Transicion.--Visiones de madurez
650 #0 - SUBJECT ADDED ENTRY--TOPICAL TERM
Topical term or geographic name entry element El raciocinio moral de la mujer adulta
Form subdivision Reseñas.
908 ## - PUT COMMAND PARAMETER (RLIN)
Put command parameter 160627
942 ## - ADDED ENTRY ELEMENTS (KOHA)
Koha item type Libros
Classification part 396
Item part G45m
Source of classification or shelving scheme Dewey Decimal Classification
999 ## - SYSTEM CONTROL NUMBERS (KOHA)
-- 1
Existencias
Withdrawn status Lost status Source of classification or shelving scheme Damaged status Not for loan Home library Current library Shelving location Date acquired Total checkouts Full call number Barcode Date last seen Price effective from Koha item type
    Dewey Decimal Classification     Miguel Henríquez Castañeda Miguel Henríquez Castañeda General 03/04/2019   396 G45m 007012 03/04/2019 03/04/2019 Libros